000 00489nam a22001577a 4500
003 OSt
008 260601b |||||||| |||| 00| 0 eng d
020 _a9789390425389
082 _a631.4
_bS55I
100 _aShivanna, M.
245 _aIntroduction to Soil Science
260 _aDelhi:
_bInternational Books and Periodicals Supply Service,
_c2022.
300 _ax, 438 p.
650 _aTechnology (Applied Sciences) | Agriculture and Related Technologies | Soil Science
942 _2ddc
_cBK
999 _c51069
_d51069